000 00303nam a22001337a 4500
008 170615b xxu||||| |||| 00| 0 eng d
020 _a2901403971455
041 _aeng
080 _a321
100 _a20
101 _aSHP
245 _aPOLITICS IS ABOUT RELATIONSHIP
_cSAUNDERS, H.H
942 _2udc
_cBK
999 _c17649
_d17649